Ant. Iosephi Cavanilles Icones Et Descriptiones Plantarum, Quae aut sponte in Hispania Crescunt, aut in hortis hospitantur Volumen I...VI. Matriti Ex Regia Typographia Eius Operas Dirigente Lazaro Gayguer 1791

保存先:
書誌詳細
第一著者: Cavanillas, Antonio José
フォーマット: 図書
言語:ラテン語
出版事項: Madrid, España Tipografía Real dirigida por Lázaro Gaiguer 1791
主題:
タグ: タグ追加
タグなし, このレコードへの初めてのタグを付けませんか!

MARC

LEADER 00000nam a2200000 a 4500
001 UCJ8588
003 CL-VaPUC
005 20230415074411.0
008 070124e17910000SP |||||||||||||||||lat|d
999 |c 324260  |d 324258 
040 |c Pontificia Universidad Católica de Valparaíso 
082 0 4 |a 580 CAV 1791  |2 21 
100 0 |a Cavanillas, Antonio José  |9 517428 
245 1 0 |a Ant. Iosephi Cavanilles Icones Et Descriptiones Plantarum, Quae aut sponte in Hispania Crescunt, aut in hortis hospitantur Volumen I...VI. Matriti Ex Regia Typographia Eius Operas Dirigente Lazaro Gayguer 1791 
260 0 3 |a Madrid, España  |b Tipografía Real dirigida por Lázaro Gaiguer  |c 1791 
300 |a 6 volúmenes. 
500 |a Formato .36x.25 m 
583 |a last modification  |c 20070124 00:00:00  |k Rodrigo Vera 
650 0 |a Botánica  |9 264202 
650 7 |a SISTEMATICA  |2 CL-VaPUC  |9 505975 
650 0 |a Ilustraciones  |9 369481 
942 |c BK  |2 ddc 
945 |d 20070124 00:00:00  |a rinostro 
952 |0 0  |1 0  |4 0  |6 580_000000000000000_CAV_1791  |7 0  |8 X  |9 404257  |a FDOBUD  |b FDOBUD  |d 2019-11-22  |h v.1  |i 1080008  |o 580 CAV 1791  |p 1080008  |r 2019-11-22  |t 1  |w 2019-11-22  |y BK_X  |k BUD 
952 |0 0  |1 0  |4 0  |6 580_000000000000000_CAV_1791  |7 0  |8 X  |9 404258  |a FDOBUD  |b FDOBUD  |d 2019-11-22  |h v.2  |i 1080016  |o 580 CAV 1791  |p 1080016  |r 2019-11-22  |t 1  |w 2019-11-22  |y BK_X  |k BUD 
952 |0 0  |1 0  |4 0  |6 580_000000000000000_CAV_1791  |7 0  |8 X  |9 404259  |a FDOBUD  |b FDOBUD  |d 2019-11-22  |h v.3  |i 1080024  |o 580 CAV 1791  |p 1080024  |r 2019-11-22  |t 1  |w 2019-11-22  |y BK_X  |k BUD 
952 |0 0  |1 0  |4 0  |6 580_000000000000000_CAV_1791  |7 0  |8 X  |9 404260  |a FDOBUD  |b FDOBUD  |d 2019-11-22  |h v.4  |i 1080032  |o 580 CAV 1791  |p 1080032  |r 2019-11-22  |t 1  |w 2019-11-22  |y BK_X  |k BUD 
952 |0 0  |1 0  |4 0  |6 580_000000000000000_CAV_1791  |7 0  |8 X  |9 404261  |a FDOBUD  |b FDOBUD  |d 2019-11-22  |h v.5  |i 1080040  |o 580 CAV 1791  |p 1080040  |r 2019-11-22  |t 1  |w 2019-11-22  |y BK_X  |k BUD 
952 |0 0  |1 0  |4 0  |6 580_000000000000000_CAV_1791  |7 0  |8 X  |9 404262  |a FDOBUD  |b FDOBUD  |d 2019-11-22  |h v.6   |i 1080059  |o 580 CAV 1791  |p 1080059  |r 2019-11-22  |t 1  |w 2019-11-22  |y BK_X  |k BUD